000 00763 a2200181 4500
003 Nust
005 20221222121911.0
040 _cNust
082 _a621.38418,STU
100 _aK. R. Sturley
_9105647
245 _aRadio reciver design Part.1 /
_cK. R. Sturley
250 _a2nd edition
260 _aLondon
_bCHAPMAN AND HALL
_c1953
300 _a667p
505 _aGeneral Considerations (Page-1), Valves (Page-50), Aerials and Aerial Coupling Circuits (Page-123), Radio Frequency Amplification (Page-214), Frequency Changing (Page-290), Frequency Changing (Page-294), Oscillators for Superheterodyne Reception (Page-373), Intermediate Frequency Amplification (Page-439), Detection (Page-551),
650 _aRadio reciver design
_9105648
942 _2ddc
_cBK
999 _c183500
_d183500